Die teuersten Fußballtransfers - Linker Verteidiger - Saison 2015-2016 - Statistiken

Allgemein
  • Dieses Quiz wurde 12 mal gespielt
  • Das Durchschnittsergebnis liegt bei 3 aus 11
Antwortstatistiken
Ablöse (M €) Nationalität Abgebender Verein Aufnehmender Verein Spieler % Korrekt
8,50 Deutschland VfB Stuttgart Bayern München Joshua Kimmich
67%
5,00 Albanien FC Empoli SSC Neapel Elseid Hysaj
56%
18,00 Italien FC Turin Manchester United Matteo Darmian
56%
15,00 Portugal Benfica FC Valencia João Cancelo
44%
17,70 England Southampton FC Liverpool Nathaniel Clyne
44%
10,00 Elfenbeinküste FC Toulouse Paris SG Serge Aurier
44%
4,90 England FC Burnley Tottenham Kieran Trippier
22%
7,00 Portugal Sporting Southampton Cédric Soares
0%
10,50 Serbien Udinese Calcio Lazio Rom Dusan Basta
0%
4,90 Mexiko FC Villarreal Tigres UANL Javier Aquino
0%
5,00 England FC Brentford Hull City Moses Odubajo
0%
Keine übereinstimmenden Quizze gefunden
Verteilung der Resultate
Anzahl Personen mit jedem Resultat
Perzentil nach korrekt beantworteten Fragen
Ihre Resultats-Entwicklung
Sie haben dieses Quiz noch nicht gespielt